000 00964nam a22002417a 4500
003 0
005 20250117095935.0
008 250117b xxu||||| |||| 00| 0 eng d
050 _aRF 291
_b.M64 2023
100 _aMillama, Alexene E.
245 _aBreaking the silence
_bcorrelation of functional interpersonal behavior and self-construal of young adults with sensorineural deficits
_c Alexene E. Millama [and four others]
260 _aLas Pinas City
_bSouthville International School and Colleges
_c2023
300 _ax, 82 pages :
_billustrations ;
_c29cm.
504 _aIncludes bibliographical references and appendices.
650 _aHearing Impairments--sensorineural deficits.
650 _aPsychological Aspects -- self-construal.
650 _aInterpersonal Behavior--social aspects.
700 _aQuima, Justin Ryan
700 _aSamonte, Lann Nicole
700 _aSanchez, Loreyee Kyle
700 _aSantos, Nina Katrina
942 _2lcc
_cTH
999 _c367007
_d367007